| Tag |
First Indicator |
Second Indicator |
Subfields |
| LEADER |
00000cam a2200000Ia 4500 |
| 001 |
in00001697713 |
| 005 |
20151024172923.0 |
| 008 |
021115s1955 ru a b 000 0 rusr |
| 010 |
|
|
|a 55036792
|
| 035 |
|
|
|a (OCoLC)ocm51011283
|
| 040 |
|
|
|a DLC
|c TXA
|d UtOrBLW
|
| 049 |
|
|
|a TXAM
|
| 050 |
0 |
0 |
|a H39
|b .V8 1955 no.59
|
| 090 |
|
|
|a TS932
|b .K36 1955
|
| 100 |
1 |
|
|a Kalnin̦š, Arvīds,
|d 1894-1981.
|
| 245 |
1 |
0 |
|a Dostizhenii︠a︡ sovetskoĭ lesokhimii :
|b stenogramma publichnoĭ lekt︠s︡ii, prochitannoĭ v Moskve /
|c A. Kalnin̦š.
|
| 264 |
|
1 |
|a Moskva :
|b Znanie,
|c 1955.
|
| 300 |
|
|
|a 37 pages :
|b illustrations ;
|c 22 cm.
|
| 336 |
|
|
|a text
|b txt
|2 rdacontent
|
| 337 |
|
|
|a unmediated
|b n
|2 rdamedia
|
| 338 |
|
|
|a volume
|b nc
|2 rdacarrier
|
| 490 |
1 |
|
|a Vsesoi︠u︡znoe obshchestvo po rasprostranenii︠u︡ politicheskikh i nauchnykh znaniĭ. Serii︠a︡ III ;
|v no. 59
|
| 504 |
|
|
|a Includes bibliographical references (page [39]).
|
| 650 |
|
0 |
|a Wood
|x Chemistry.
|
| 830 |
|
0 |
|a Vsesoi͡uznoe obshchestvo po rasprostranenii͡u politicheskikh i nauchnykh znaniĭ (Series) ;
|v Serii︠a︡ III, no. 59.
|
| 948 |
|
|
|a cataloged
|b h
|c 2002/11/16
|d c
|e spoltoratski
|f 2:16:47 pm
|
| 949 |
|
|
|a updated
|b h
|c 2002/11/16
|e spoltoratski
|f 2:16:51 pm
|
| 994 |
|
|
|a E0
|b TXA
|
| 999 |
|
|
|a MARS
|
| 999 |
f |
f |
|s 432c965e-995b-381a-9380-7376de970e11
|i acae125e-deee-3e01-9b66-c44ca74bc3b0
|t 0
|
| 952 |
f |
f |
|p ric
|a Texas A&M University
|b Rellis Campus
|c Joint Library Facility
|d Remote Storage
|t 0
|e TS932 .K36 1955
|h Library of Congress classification
|i unmediated -- volume
|m A14829168709
|
| 998 |
f |
f |
|a TS932 .K36 1955
|t 0
|l Remote Storage
|